000 00470nam a2200157Ia 4500
005 20250422015556.0
008 240331s9999 xx 000 0 und d
020 _a8123400322
082 _bJAI
_a200
100 _aJaiswal, S
245 0 _aVynavthim thottamum valarchchiyum :
_bvaishnavisham AD300-AD500-
260 _aNew Delhi
_bIndian Council of Historical Research
_c1991
300 _aXV, 475 p .,
500 _aVainava samaiayathin arambamum valarchium
942 _cL
999 _c3560
_d3560